The Marcos dynasty

Sparad:
Bibliografiska uppgifter
Huvudupphovsman: Sterling Seagrave
Materialtyp: Bok
Språk:Undetermined
Publicerad: New York Harper & Row 1988
Ämnen:
Taggar: Lägg till en tagg
Inga taggar, Lägg till första taggen!
Thư viện lưu trữ: Trung tâm Học liệu Trường Đại học Cần Thơ
LEADER 00541nam a2200205Ia 4500
001 CTU_90585
008 210402s9999 xx 000 0 und d
082 |a 959.9046 
082 |b S127 
100 |a Sterling Seagrave 
245 4 |a The Marcos dynasty 
245 0 |c Sterling Seagrave 
260 |a New York 
260 |b Harper & Row 
260 |c 1988 
650 |a history,political corruption 
650 |y 1946-1986 
650 |z philippines,philippines 
904 |i Năm 
980 |a Trung tâm Học liệu Trường Đại học Cần Thơ